[Event "MNT-chT"]
[Site "Cetinje"]
[Date "2009.10.25"]
[Round "9"]
[White "Ivanovic, Bozidar"]
[Black "Scekic, Nenad"]
[Result "1-0"]
[WhiteElo "2415"]
[BlackElo "2116"]
[PlyCount "65"]
[EventDate "2009.09.18"]
[EventType "team-tourn"]
[EventRounds "9"]
[EventCountry "MNE"]
[SourceTitle "EXT 2011"]
[Source "ChessBase"]
[SourceDate "2010.11.26"]
[SourceVersion "1"]
[SourceVersionDate "2010.11.26"]
[SourceQuality "1"]

1. e4 c5 2. Nf3 Nc6 3. Bb5 a6 4. Bxc6 bxc6 5. 0-0 d6 6. Re1 e5 7. c3 Nf6 8. d4 cxd4 9. cxd4 Qc7 10. Qc2 Bg4 11. dxe5 dxe5 12. Nxe5 Bb4 13. Bd2 Bxd2 14. Nxd2 Qxe5 15. Qxc6+ Ke7 16. Nc4 Qd4 17. e5 Nd7 18. Re4 Rhc8 19. Qxa8 Rxa8 20. Rxd4 Be6 21. Rad1 Rb8 22. b3 g5 23. Rd6 Rb5 24. Rxa6 Nxe5 25. a4 Rc5 26. Nxe5 Rxe5 27. b4 Re2 28. b5 Rb2 29. b6 h5 30. a5 h4 31. h3 g4 32. hxg4 Bxg4 33. Re1+ 1-0

[Event "MNT-chT"]
[Site "Cetinje"]
[Date "2009.09.19"]
[Round "2"]
[White "Scekic, Nenad"]
[Black "Draskovic, Luka"]
[Result "1-0"]
[WhiteElo "2116"]
[BlackElo "2079"]
[PlyCount "100"]
[EventDate "2009.09.18"]
[EventType "team-tourn"]
[EventRounds "9"]
[EventCountry "MNE"]
[SourceTitle "EXT 2011"]
[Source "ChessBase"]
[SourceDate "2010.11.26"]
[SourceVersion "1"]
[SourceVersionDate "2010.11.26"]
[SourceQuality "1"]

1. e4 c5 2. Nf3 d6 3. d4 cxd4 4. Nxd4 Nf6 5. Nc3 Nc6 6. Be3 e6 7. Be2 Be7 8. 0-0 0-0 9. Qd2 a6 10. Rad1 Qc7 11. a3 b5 12. f4 Bb7 13. Bf3 Na5 14. Qf2 Nc4 15. Bc1 Rab8 16. Rfe1 Nxa3 17. e5 Ne8 18. Bxb7 Rxb7 19. Nd5 exd5 20. bxa3 dxe5 21. fxe5 Bc5 22. Kh1 Qd7 23. Qf4 Bxd4 24. Qxd4 Nc7 25. Bb2 Rd8 26. Rd3 Ne6 27. Qh4 Qe7 28. Qf2 Rc7 29. Re2 Qc5 30. Qg3 Qc4 31. Bc1 Qa2 32. Qf2 Qb1 33. Rd1 d4 34. Rf1 Qa2 35. h3 Qd5 36. Bd2 Re8 37. Bb4 Rd7 38. Bd6 Nd8 39. Rfe1 Re6 40. Qf4 Rh6 41. Kh2 Ne6 42. Qf5 Rxd6 43. Rf2 Rd7 44. g4 Nf8 45. g5 Re6 46. h4 Rde7 47. Rfe2 Nd7 48. h5 Nxe5 49. Rxe5 Rxe5 50. Qc8+ Re8 1-0

[Event "MNT-chT1"]
[Site "Podgorica"]
[Date "2008.11.02"]
[Round "7"]
[White "Scekic, Nenad"]
[Black "Batricevic, Sasa"]
[Result "1/2-1/2"]
[WhiteElo "2113"]
[BlackElo "2232"]
[PlyCount "173"]
[EventDate "2008.09.07"]
[EventType "team-tourn"]
[EventRounds "9"]
[EventCountry "MNE"]
[SourceTitle "EXT 2010"]
[Source "ChessBase"]
[SourceDate "2010.11.25"]
[SourceVersion "1"]
[SourceVersionDate "2010.11.25"]
[SourceQuality "1"]

1. e4 c6 2. d4 g6 3. Nf3 d5 4. exd5 cxd5 5. Bb5+ Bd7 6. Bxd7+ Nxd7 7. 0-0 Ngf6 8. c3 Bg7 9. Qb3 Qc7 10. Bg5 0-0 11. Nbd2 e6 12. Rac1 Qb6 13. Rfe1 Rfc8 14. c4 dxc4 15. Nxc4 Qxb3 16. axb3 Bf8 17. Bd2 Nd5 18. Nfe5 Rc7 19. Nxd7 Rxd7 20. Ne5 Rdd8 21. Rc4 Bg7 22. Ba5 Rd6 23. Rec1 Bh6 24. R1c2 Ra6 25. Be1 Ra1 26. Kf1 Bf8 27. g3 Bb4 28. Rc1 Rxc1 29. Rxc1 Bxe1 30. Kxe1 Kf8 31. Kd2 Ke7 32. Rc4 Rd8 33. f4 f6 34. Nd3 b6 35. Rc6 h5 36. h3 Kd7 37. Rc1 Ne7 38. g4 hxg4 39. hxg4 Rh8 40. Rf1 Nc6 41. g5 Rh2+ 42. Ke3 Rh3+ 43. Kd2 fxg5 44. fxg5 Nxd4 45. Ne5+ Kd6 46. Nxg6 Nf3+ 47. Kc2 Rh2+ 48. Kc3 Nxg5 49. Rd1+ Kc5 50. Re1 Rh3+ 51. Kc2 Nf3 52. Rc1 Nd4+ 53. Kd2+ Kb5 54. Rc7 Nxb3+ 55. Kc2 Nd4+ 56. Kd2 a5 57. Nf4 Rh2+ 58. Kd3 e5 59. Nd5 Rxb2 60. Nc3+ Ka6 61. Re7 Rb3 62. Kd2 Nb5 63. Nd5 a4 64. Rxe5 Nd6 65. Rh5 a3 66. Kc2 Rg3 67. Nb4+ Kb7 68. Rh7+ Kc8 69. Nd5 Rg2+ 70. Kb1 Rb2+ 71. Ka1 Ne4 72. Ra7 Rb5 73. Nxb6+ Rxb6 74. Rxa3 Kc7 75. Rc3+ Kd6 76. Rc8 Nc5 77. Rd8+ Ke5 78. Ka2 Ne6 79. Rd7 Nc5 80. Rd8 Ke4 81. Ka3 Ke3 82. Rd5 Nd3 83. Ka4 Kd2 84. Ka5 Rb8 85. Rb5 Ra8+ 86. Kb6 Kc3 87. Rh5 1/2-1/2

[Event "MNT-chT1"]
[Site "Podgorica"]
[Date "2008.10.05"]
[Round "4"]
[White "Jovanovic, Nenad1111"]
[Black "Scekic, Nenad"]
[Result "1-0"]
[WhiteElo "2093"]
[BlackElo "2113"]
[PlyCount "89"]
[EventDate "2008.09.07"]
[EventType "team-tourn"]
[EventRounds "9"]
[EventCountry "MNE"]
[SourceTitle "EXT 2010"]
[Source "ChessBase"]
[SourceDate "2010.11.25"]
[SourceVersion "1"]
[SourceVersionDate "2010.11.25"]
[SourceQuality "1"]

1. d4 d5 2. c4 e6 3. g3 c6 4. Bg2 Nf6 5. Nf3 Bb4+ 6. Nc3 Ne4 7. Qc2 Qa5 8. Bd2 Nxd2 9. Nxd2 0-0 10. 0-0 Nd7 11. e4 dxe4 12. Ndxe4 Be7 13. a3 Nf6 14. c5 Qc7 15. b4 Bd7 16. a4 Rad8 17. Rfd1 Be8 18. Rab1 Nd5 19. Nd2 f5 20. Nc4 Bg6 21. Ne5 Bf6 22. Nxd5 exd5 23. f4 Bxe5 24. dxe5 Be8 25. Rd4 Bd7 26. b5 g6 27. b6 axb6 28. cxb6 Qc8 29. Qc5 Be6 30. a5 Rf7 31. Ra4 Rfd7 32. Rd4 Kf7 33. Bf1 Re7 34. Ra4 Qb8 35. a6 bxa6 36. Rxa6 Bc8 37. Ra7 Bb7 38. Ba6 Rdd7 39. Bxb7 Rxb7 40. Rba1 Rxa7 41. bxa7 Qa8 42. Qb6 h6 43. Qb8 Re8 44. Rb1 c5 45. Rb7+ 1-0

[Event "MNT-chT1"]
[Site "Podgorica"]
[Date "2008.09.14"]
[Round "2"]
[White "Scekic, Nenad"]
[Black "Bozovic, Nikola"]
[Result "0-1"]
[WhiteElo "2113"]
[BlackElo "2235"]
[PlyCount "82"]
[EventDate "2008.09.07"]
[EventType "team-tourn"]
[EventRounds "9"]
[EventCountry "MNE"]
[SourceTitle "EXT 2010"]
[Source "ChessBase"]
[SourceDate "2010.11.25"]
[SourceVersion "1"]
[SourceVersionDate "2010.11.25"]
[SourceQuality "1"]

1. e4 c5 2. Nf3 d6 3. Bb5+ Nc6 4. d4 cxd4 5. Nxd4 Bd7 6. 0-0 Nf6 7. Nc3 e6 8. Bxc6 bxc6 9. Nf3 e5 10. h3 Be7 11. Bg5 Be6 12. b3 0-0 13. Qd2 h6 14. Bxf6 Bxf6 15. Rad1 Be7 16. Ne2 f5 17. exf5 Bxf5 18. Qc3 Qc7 19. Ng3 Bg6 20. Rfe1 Rf4 21. Re2 Raf8 22. Qe3 h5 23. Red2 h4 24. Ne2 Re4 25. Qc3 d5 26. Qb2 Bh5 27. Nc3 Ref4 28. Ne2 R4f5 29. Rf1 Bxf3 30. gxf3 Rxf3 31. Kg2 Bg5 32. Ng1 R3f5 33. Re2 Qf7 34. Qc3 Qg6 35. Kh1 e4 36. Qb4 Bd8 37. c4 Bb6 38. c5 Bc7 39. Qc3 Rf3 40. Nxf3 Rxf3 41. Re3 Qf5 0-1

[Event "MNT-chT 1st"]
[Site "Herceg Novi"]
[Date "2006.10.01"]
[Round "10"]
[White "Kostic, Vladimir G"]
[Black "Scekic, Nenad"]
[Result "1-0"]
[WhiteElo "2433"]
[BlackElo "2115"]
[PlyCount "133"]
[EventDate "2006.09.22"]
[EventType "team-tourn"]
[EventRounds "11"]
[EventCountry "MNE"]
[SourceTitle "CBM 114 Extra"]
[Source "ChessBase"]
[SourceDate "2006.11.03"]
[SourceVersion "1"]
[SourceVersionDate "2006.11.03"]
[SourceQuality "1"]

1. e4 c5 2. Nf3 d6 3. d4 cxd4 4. Nxd4 Nf6 5. Nc3 Nc6 6. Be3 a6 7. Be2 e6 8. 0-0 Be7 9. Qd2 0-0 10. f4 Nxd4 11. Qxd4 Qc7 12. Qd2 b5 13. a3 Bb7 14. Bf3 Rac8 15. Rac1 e5 16. f5 Qc4 17. Qd3 Rfd8 18. Rfd1 h6 19. g4 b4 20. axb4 Qxb4 21. Rb1 Qc4 22. h4 Nh7 23. Bf2 g5 24. Kg2 Kg7 25. Rh1 Qxd3 26. cxd3 f6 27. Rh2 Rh8 28. Rbh1 Bc6 29. hxg5 Nxg5 30. Be3 Rb8 31. Kg3 Rbd8 32. Bxg5 hxg5 33. Kf2 Rxh2+ 34. Rxh2 Rb8 35. Ke1 Bd8 36. Kd1 Bb6 37. Kc2 Rc8 38. Kb3 Bc5 39. Bd1 a5 40. Ka2 Bd4 41. Bb3 Bc5 42. Ba4 Bxa4 43. Nxa4 Bd4 44. Kb1 Rc7 45. Rc2 Rd7 46. Rc6 d5 47. Ra6 dxe4 48. dxe4 Be3 49. Rxa5 Rd1+ 50. Kc2 Rg1 51. b4 Rxg4 52. b5 Rh4 53. b6 Rh8 54. Ra7+ Kh6 55. Rf7 g4 56. Rxf6+ Kg5 57. Rg6+ Kf4 58. f6 Rf8 59. Nc3 Kf3 60. Nd5 Bf2 61. b7 Ba7 62. Ne7 Rf7 63. Nc6 Bb8 64. Nxb8 Rxb7 65. Nc6 Rc7 66. f7 Rc8 67. Kd3 1-0